00622nam a22001937a 450000500170000001000150001702000260003203500130005803700130007108200170008410000160010124500930011725000110021026000430022127001030026430000250036750000190039270000170041120140318103048.0 aENG-109456 c240.00a9789350353561 aEN-92989 bDBAD/PUB a344.54012164 aKumar,H.L. 00aPractical guide to payment of bonus :cby H.L. Kumar [and] Gaurav Kumarbact and rules / a5th ed aDelhibUniversal Law Publishing c2013 aC-FF-1A, Dilkhush Industrial Estate, (Near Azadpur Metro Station) G.T. Karnal Road,bDelhie110033 axxi,157p.c24cm(pbk) aIncludes index aGaurav Kumar